000 05639cam a22019334i 4500
003 PE-LiUPU
005 20250813165608.0
008 150623s2000 sp a rb 000 0 spa d
020 _a8420010278
035 _a(Sirsi) i9788420010274
040 _aPE-LiUPU
_bspa
_cPE-LiUPU
_erda
049 _aPRUA
082 0 4 _a664.022
_bE31
_221
082 0 4 _a664.022
_bR51 2000
100 1 _aRiaz, Mian N.,
_eautor.
245 1 0 _aExtrusores en las aplicaciones de alimentos /
_cMian N. Riaz. ed.
264 1 _aZaragoza :
_bACRIBA S.A.,
_c2000.
300 _a227 páginas :
_bilustraciones ;
_c24 centímetros.
336 _atext
_2rdacontent
337 _aunmediated
_2rdamedia
338 _avolume
_2rdacarrier
504 _aIncluye bibliografía al final de cada capítulo.
505 0 _aIntroducción a los extrusores y sus principios -- Extrusores de tornillo único -- Extrusores secos -- Expandidores-extrusores de rosca interrumpida -- Extrusores de doble tornillo -- Preacondicionamiento -- Cambios químicos y nutritivos en el alimento durante la extrusion -- Consideraciones prácticas en el procesado por extrusión -- Extrusores en la industria de alimentos.
526 _aP203
526 _aP200
526 _aSEG65
526 _aSEG64
526 _aSEG63
526 _aSEG62
526 _aSEG61
526 _aSEG60
526 _aSEG59
526 _aSEG58
526 _aSEG57
526 _aSEG56
526 _aSEG55
526 _aSEG54
526 _aSEG53
526 _aSEG52
526 _aSEG51
526 _aSEG50
526 _aSEG49
526 _aSEG48
526 _aSEG47
526 _aSEG46
526 _aSEG24
526 _aSEG23
526 _aSEG22
526 _aSEG21
526 _aSEG20
526 _aSEG19
526 _aSEG18
526 _aSEG17
526 _aSEG16
526 _aSEG14
526 _aSEG13
526 _aSEG12
526 _aSEG11
526 _aSEG10
526 _aSEG09
526 _aSEG06
526 _aSEG05
526 _aSEG04
526 _aSEG03
526 _aSEG02
526 _aSEG68
526 _aSEG66
526 _aSEG45
526 _aSEG25
526 _aSEG01
526 _aP163
526 _aP162
526 _aP161
526 _aP160
526 _aP159
526 _aP158
526 _aP157
526 _aP156
526 _aP155
526 _aP154
526 _aP153
526 _aP152
526 _aP151
526 _aP150
526 _aP149
526 _aP142
526 _aP141
526 _aP140
526 _aP139
526 _aP138
526 _aP137
526 _aP132
526 _aP131
526 _aP130
526 _aP126
526 _aP125
526 _aP124
526 _aP123
526 _aP115
526 _aP122
526 _aP121
526 _aP116
526 _a P114
526 _aP112
526 _aP111
526 _aP104
526 _aP103
526 _aP102
526 _aP101
526 _aP100
526 _aP96
526 _aP95
526 _aP93
526 _aP92
526 _aP91
526 _aP88
526 _aP83
526 _aP82
526 _aP79
526 _aP78
526 _aP75
526 _aP74
526 _aP71
526 _aP69
526 _a P51
526 _aP49
526 _aP48
526 _aP47
526 _aP33
526 _aP31
526 _a P30
526 _aP29
526 _aP27
526 _aP26
526 _aP25
526 _aP24
526 _a P22
526 _aP10
526 _aP09
526 _a P08
526 _aP06
526 _aP05
526 _aP04
526 _aP01
541 _g001-027316;
541 _g031446;
650 0 4 _aAlimentos
_xExtrusión.
650 0 4 _aIndustrias alimenticias
_xUso de extructores.
650 0 4 _aProceso de Extrusión.
700 1 _aRiaz, Mian N.,
_eeditor.
910 _btqv
_cwelc
_d20170514
942 _2ddc
_cBOOK
949 _a664.022 E31
_wDEWEY
_c1
_i57624
_lCCODEBUL1
_mBUL
_p53.00
_r0
_sY
_tBOOK
_u2015-6-24
_xINGENIERIA
_PP26
_0COMPRA
_o.STAFF. Colección General
949 _a664.022 E31
_wDEWEY
_c2
_i54010
_lCCODEBUL1
_mBUL
_p46.00
_r0
_sY
_tBOOK
_u2015-6-24
_xINGENIERIA
_PP26
_0COMPRA
_o.STAFF. Colección General
949 _a664.022 R51 2000
_wDEWEY
_c1
_iFJ06849
_lCCODEBUJ1
_mBUJ
_p41.15
_r0
_sY
_tBOOK
_u2017-05-14
_xINGENIERIA
_PP26
_0COMPRA
_o.STAFF. Colección General Juliaca
949 _a664.022 R51 2000
_wDEWEY
_c2
_iFJ07717
_lCCODEBUJ1
_mBUJ
_p41.15
_r0
_sY
_tBOOK
_u2017-07-20
_xINGENIERIA
_PP26
_0COMPRA
_o.STAFF. Colección General Juliaca
994 _aC0
_bPEPRU
596 _a1 3
999 _a664.022 E31
_wDEWEY
_c34982
_i57624
_d34982
_e2017-10-11
_f2021-11-9
_g7
_lCCODEBUL1
_mBUL
_n1
_p53.00
_r0
_sY
_tBOOK
_u2015-6-24
_xINGENIERIA
_PP26
_0COMPRA
_o.STAFF. Colección General
999 _a664.022 E31
_wDEWEY
_c2
_i54010
_d2017-10-30
_e2017-8-21
_f2021-11-9
_g7
_lCCODEBUL1
_mBUL
_n2
_p46.00
_q1
_r0
_sY
_tBOOK
_u2015-6-24
_xINGENIERIA
_PP26
_0COMPRA
_o.STAFF. Colección General
999 _a664.022 R51 2000
_wDEWEY
_c1
_iFJ06849
_d2019-10-10
_f2022-2-1
_g4
_lCCODEBUJ1
_mBUJ
_p41.15
_q1
_r0
_sY
_tBOOK
_u2017-2-14
_xINGENIERIA
_PP26
_0COMPRA
_o.STAFF. Colección General Juliaca
999 _a664.022 R51 2000
_wDEWEY
_c2
_iFJ07717
_d2018-4-23
_f2022-2-1
_g4
_lCCODEBUJ1
_mBUJ
_p41.15
_q1
_r0
_sY
_tBOOK
_u2017-7-20
_xINGENIERIA
_PP26
_0COMPRA
_o.STAFF. Colección General Juliaca
980 _81
_gALBERTO SANCHEZ Responsable de Automatización